01128nam a22002532 450000100060000000300080000600500170001400800410003103500390007204000270011104100080013808200280014610000280017424501350020226000530033730000280039050001940041850400200061265000250063270000230065770000180068071000870069871000890078534642BD-RjUL20211209052206.0140518s1959 ctu 001 0 eng d a(OCoLC)ocm25562392a(BD-RjUL)34736 aBUQcBUQbengdBD-RjUL aeng a306.85097295bHIF 19591 aHill, Reubend1912-198514aThe family and population control :ba Puerto Rican experiment in social change /cby Reuben Hill, J. Mayone Stycos, Kurt W. Back. aNew Haven, Conn.:bCollege & Univ. Press,c1959. axxvi, 481 p. ; c22 cm. aA Social Science Research Center Study, College of the Social Sciences, University of Puerto Rico, in cooperation with the Institute for Research in Social Science, Univ. of North Carolina. aIncludes index. aFamilies Puerto Rico1 aStycos, J. Mayone.1 aBack, Kurt W.2 aUniversity of Puerto Rico (Río Piedras Campus).bSocial Science Research Center.2 aUniversity of North Carolina (1793-1962).bInstitute for Research in Social Science.